| 000 | 00762nam a2200217Ia 4500 | ||
|---|---|---|---|
| 005 | 20241129105849.0 | ||
| 008 | 241129s9999||||xx |||||||||||||| ||und|| | ||
| 020 | _a978-81-939083-8-9 | ||
| 037 | _aTB | ||
| 040 |
_aARTS _bpun _cARTS |
||
| 041 |
_apun _2pun |
||
| 084 |
_aO153,1NKAx Q9 _qARTS |
||
| 100 | _aਨਾਜ਼, ਅਮਰਜੀਤ ਕੌਰ, ਚ। | ||
| 245 | 0 |
_aਤੇਰਾ ਕੋਣੀ ਨਾ ਸਾਨੀ _cਨਾਜ਼, ਅਮਰਜੀਤ ਕੌਰ, ਚ। |
|
| 260 |
_aਲੁਧਿਆਨਾ, ਭਾਰਤ _bਲੁਧਿਆਨਾ ਚੇਤਨਾ ਪ੍ਰਕਾਸ਼ਨ _c2018 |
||
| 300 | _a70ਪ੍ਰ0 | ||
| 365 |
_aINR _b125 |
||
| 650 |
_aPunjabi Poetry _9187334 |
||
| 942 |
_cTB _hO153,1NKAx Q9 |
||
| 999 |
_c1226338 _d1226338 |
||